La razón populista
Guardat en:
| Autor principal: | |
|---|---|
| Format: | Llibre |
| Idioma: | espanyol |
| Publicat: |
Buenos Aires
Fondo de Cultura Económica
2005
|
| Edició: | 1a. ed |
| Col·lecció: | Sección de Obras de Sociología
|
| Matèries: | |
| Etiquetes: |
Afegir etiqueta
Sense etiquetes, Sigues el primer a etiquetar aquest registre!
|
MARC
| LEADER | 00000cam a2200000 a 4500 | ||
|---|---|---|---|
| 001 | UCK7321 | ||
| 003 | CL-VaPUC | ||
| 008 | 051118e20050000AG |||||||||||||||||spa|d | ||
| 020 | |a 9505576358 | ||
| 082 | 0 | 4 | |a 320.01 |b LAC |2 21 |
| 100 | |a Laclau, Ernesto |e author |9 490102 | ||
| 245 | 1 | 3 | |a La razón populista |
| 250 | |a 1a. ed | ||
| 300 | |a 312 p | ||
| 942 | |c BK | ||
| 945 | |d 20051118 00:00:00 |a cmena | ||
| 260 | |a Buenos Aires |b Fondo de Cultura Económica |c 2005 | ||
| 650 | 0 | |a Populismo |9 403172 | |
| 650 | 7 | |a FILOSOFIA POLITICA |2 CL-VaPUC |9 496840 | |
| 650 | 7 | |a TEORIA POLITICA |2 CL-VaPUC |9 496841 | |
| 650 | 0 | |a Identidad cultural |9 319131 | |
| 583 | |a last modification |c 20170313 12:39:26 |k Rodrigo Vera | ||
| 490 | 0 | |a Sección de Obras de Sociología | |
| 999 | |c 315320 |d 315318 | ||
| 952 | |0 0 |1 0 |4 0 |6 320_010000000000000_LAC_2005 |7 0 |8 A |9 388418 |a BIBHIS |b BIBHIS |d 2019-11-22 |i 446835K |l 1 |o 320.01 LAC 2005 |p 446835K |r 2025-01-20 |s 2023-05-24 |w 2019-11-22 |y BK |k HIS | ||
| 952 | |0 0 |1 0 |3 erb |4 0 |6 320_010000000000000_LAC_2005 |7 0 |8 A |9 388419 |a FDOPOS |b BIBEDU |i 5365767 |l 1 |o 320.01 LAC 2005 |p 5365767 |r 2022-05-25 |s 2022-04-26 |w 2019-11-22 |y BK |z Catalogado en:20170317 |k MEL | ||